00402 a2200109 4500001001000000005001700010008004100027245010900068100002000177773007800197999001700275ART_6344120260410162031.0260409a 10aPublicidad, expectativas, orden público y principio de congruencia en procesos entre partes desiguales1 aRossi, Jorge O.0 tTemas de derecho procesalg- Año 9, N° 9/10 (sep./oct. 2025)wREV44095 c34015d34015